00788nam a2200193 i 450000100060000000300090000600500170001500700030003200800410003510000480007624500970012426000470022130000280026865000530029665000620034985200200041199900170043195201460044845738ES-MaACL20240312170633.0t|030326s1907 sp d |||| | spa d1 aCommelerán y Gómez, Francisco A.94001510aDiccionario clasico-etimológico latino-español / cFrancisco A. Commerlerán y Gómez. aMadrid : bPerlado, Paez y Cía., c1907. aXXX, 1511 p. ; c28 cm.04aLengua latina-vDiccionarios-xEspañol.914295 7aLengua española-xEtimología-vDiccionarios29162364 aES-MaACLjB-803 c45738d45738 001040708Colección_de_referencia aATENEOMbATENEOMcSPBd2008-01-17eSCl0oB-803p1048119r2023-02-23 00:00:00w2023-02-23yMONOGRAFIA